000 02173nam a22002897a 4500
001 8987
003 FISKH
005 20260402112705.0
008 251112b cb ||||| |||| 00| 0 eng d
020 _a9789996336164
040 _aFISKH
_bkhr
_cFISKH
_dFISKH
050 _aPZ7
082 _a398.2452
100 _aReaksmei, Am
245 _aល្បិចឆ្កែចចក /
_cនិពន្ធនិងវិចិត្រកររូបភាពដោយ លោក​ អាំ រស្មី
260 _aPhnom Penh :
_bRoom to Read ,
_c2011.
300 _a14 pages :
_bcolor illustrations ;
_c27 cm .
505 _aJ
520 _aកុកដ៏ឆ្លាតបញ្ឆោតឆ្កែចចកដ៏ស្រេកឃ្លានដែលមានបំនងចង់សុីកូនឈ្លូសជាអាហារ ។​ ឆ្កែចចកមានការខឹងសម្បារយ៉ាងខ្លាំងនៅពេលដែលដឹងថាចាញ់ល្បិចកលរបស់សត្វកុក ។​ វាក៏ប្រើល្បិចបបួលឈ្លូសនិងកុកទៅចូលរួមពិធីជប់លៀងនៅផ្ទះរបស់វា ព្រោះវាមានបំនងចង់សុីសាច់សត្វកុកនិងឈ្លូសេជាអាហារ ។ តើកុកនិងឈ្លូសអាចរួចផុតពីបំនងអាក្រក់របស់ឆ្កែចចកបានដែរឫទេ ?
520 _aA clever ergret tricks a hungry wolf out of his meal of a musk deer . Angry at the egret, the wolf crafts a plan to invite both of the egret and the musk deet to his house for a party in hopes that he will soon enjoy an even larger meal . Can the egret and the musk deer save themselves when they discover the wolf's intent ?
521 8 _a480
_bLexile estimate
521 8 _aJ
_bRaz-Plus
650 _aល្បិចឆ្កែចចក​
_vរឿងនិទានកុមារ​
650 _aWolf's trick
_vChildren's Stories
942 _2ddc
_cKHB
_n0
999 _c8987
_d8987